[Event "Campos Migjorn op"]
[Site "Campos"]
[Date "2019.09.20"]
[Round "5"]
[White "Rubert Cabrillana, Antonio"]
[Black "Llado Jaume, Jaume"]
[Result "1-0"]
[WhiteElo "1438"]
[BlackElo "1629"]
[PlyCount "67"]
[EventDate "2019.09.06"]
[EventType "swiss"]
[EventRounds "8"]
[EventCountry "ESP"]
[SourceTitle "EXT 2020"]
[Source "ChessBase"]
[SourceDate "2019.10.17"]
[SourceVersion "1"]
[SourceVersionDate "2019.10.17"]
[SourceQuality "1"]

1. e4 c5 2. Nc3 d6 3. Bc4 Nf6 4. Nf3 g6 5. Ng5 e6 6. d3 Bg7 7. 0-0 0-0 8. Nf3 Nc6 9. Bg5 a6 10. Qd2 b5 11. Bb3 Qc7 12. Bh6 Na5 13. Bxg7 Nxb3 14. axb3 Kxg7 15. Nxb5 Qb6 16. Na3 Bd7 17. Nc4 Qc6 18. e5 Ne8 19. exd6 Nxd6 20. Nce5 Qc7 21. Qc3 Nb5 22. Qa5 Qd6 23. Nxd7 Qxd7 24. c4 Nd4 25. Qc3 f6 26. Nxd4 cxd4 27. Qd2 Rfb8 28. b4 Qb7 29. Ra4 e5 30. f3 Qc6 31. Rfa1 Qb7 32. Qe1 Qc6 33. Ra5 Qb7 34. R1a4 1-0

[Event "Campos Migjorn op"]
[Site "Campos"]
[Date "2019.09.06"]
[Round "1"]
[White "Rubert Cabrillana, Antonio"]
[Black "Pomar Mir, Francisco"]
[Result "0-1"]
[WhiteElo "1438"]
[BlackElo "1739"]
[PlyCount "118"]
[EventDate "2019.09.06"]
[EventType "swiss"]
[EventRounds "8"]
[EventCountry "ESP"]
[SourceTitle "EXT 2020"]
[Source "ChessBase"]
[SourceDate "2019.10.17"]
[SourceVersion "1"]
[SourceVersionDate "2019.10.17"]
[SourceQuality "1"]

1. e4 e6 2. d4 d5 3. e5 c5 4. Nf3 Nc6 5. Bb5 Qa5+ 6. Nc3 Bd7 7. Bxc6 Bxc6 8. 0-0 Ne7 9. Bd2 Qc7 10. Be3 Nf5 11. Bf4 cxd4 12. Nxd4 Nxd4 13. Qxd4 Bd7 14. Be3 Be7 15. a4 b6 16. Rfc1 Bc5 17. Qd2 Qxe5 18. Bxc5 bxc5 19. Re1 Qd4 20. Qxd4 cxd4 21. Nxd5 0-0 22. Nc7 Rac8 23. Nb5 Bxb5 24. axb5 Rxc2 25. Rxa7 d3 26. Rd7 d2 27. Rd1 Rfc8 28. Kf1 Rxb2 29. R1xd2 Rxd2 30. Rxd2 Kf8 31. Ke2 Ke7 32. f4 Rc5 33. Rb2 Kd7 34. Rd2+ Kc7 35. b6+ Kxb6 36. Ke3 Kc7 37. Ra2 Rb5 38. Ra8 Rb8 39. Ra7+ Rb7 40. Ra8 Kd6 41. Rd8+ Ke7 42. Rh8 h6 43. Rc8 Kf6 44. h3 g6 45. Rc5 Rb3+ 46. Ke4 Rg3 47. Rc2 Ke7 48. Rc7+ Kf8 49. Rc2 Kg7 50. Re2 Kf6 51. h4 h5 52. Rb2 Rg4 53. Kf3 Rxh4 54. Rb5 Rg4 55. g3 g5 56. Ra5 gxf4 57. Rxh5 Rxg3+ 58. Kxf4 Rg1 59. Ke4 Rg5 0-1

[Event "Mallorca-ch C"]
[Site "Palma de Mallorca"]
[Date "2018.11.17"]
[Round "3.9"]
[White "Orcera Gomez, Francisco"]
[Black "Rubert Cabrillana, Antonio"]
[Result "1-0"]
[WhiteElo "1597"]
[BlackElo "1477"]
[PlyCount "65"]
[EventDate "2018.11.10"]
[EventType "swiss"]
[EventRounds "6"]
[EventCountry "ESP"]
[SourceTitle "EXT 2024"]
[Source "ChessBase"]
[SourceDate "2023.10.10"]
[SourceVersion "1"]
[SourceVersionDate "2023.10.10"]
[SourceQuality "1"]

1. c4 e5 2. Nc3 Nf6 3. g3 c6 4. e4 Bc5 5. Bg2 d6 6. h3 0-0 7. Nge2 Ne8 8. Na4 f5 9. Nxc5 dxc5 10. d3 Nd6 11. Be3 b6 12. Qd2 fxe4 13. Bxe4 Nxe4 14. dxe4 Qf6 15. 0-0-0 Na6 16. Qc3 Be6 17. h4 Qf7 18. b3 Bg4 19. Rhe1 Bf3 20. Qxe5 Rae8 21. Qd6 Rxe4 22. Rd2 Re6 23. Qd3 Be4 24. Qc3 b5 25. Nf4 b4 26. Qb2 Re7 27. Rd6 Rfe8 28. g4 Bf3 29. Rg1 Qxf4 30. Bxf4 Re1+ 31. Rxe1 Rxe1+ 32. Kc2 Re2+ 33. Bd2 1-0

[Event "Santa Margalida Mallorca-ch"]
[Site "Santa Margalida"]
[Date "2016.11.25"]
[Round "5"]
[White "Rubert Cabrillana, Antonio"]
[Black "Sureda Gonzalez, Miquel"]
[Result "1/2-1/2"]
[WhiteElo "1345"]
[BlackElo "1043"]
[PlyCount "95"]
[EventDate "2016.11.11"]
[EventType "swiss"]
[EventRounds "8"]
[EventCountry "ESP"]
[SourceTitle "EXT 2018"]
[Source "ChessBase"]
[SourceDate "2017.10.13"]
[SourceVersion "1"]
[SourceVersionDate "2017.10.13"]
[SourceQuality "1"]

1. Nc3 d5 2. d4 e6 3. a3 Nf6 4. f3 Nc6 5. Be3 Bd6 6. Nb5 Be7 7. Bf4 Bd6 8. Bxd6 cxd6 9. e3 a6 10. Nc3 e5 11. Nge2 Bf5 12. Ng3 Bg6 13. Bd3 Bxd3 14. Qxd3 exd4 15. exd4 0-0 16. 0-0 Qb6 17. Nf5 Rad8 18. b3 g6 19. Nh6+ Kg7 20. Ng4 Nxg4 21. fxg4 Qxd4+ 22. Qxd4+ Nxd4 23. Rf2 Rc8 24. Nxd5 Rxc2 25. Rxc2 Nxc2 26. Ra2 Nd4 27. b4 f5 28. Rd2 Nc6 29. Nf4 Rf7 30. Rxd6 fxg4 31. g3 Rf6 32. Rd7+ Rf7 33. Ne6+ Kf6 34. Nc5 Rxd7 35. Nxd7+ Kf5 36. Nc5 Ke5 37. Nxb7 Kd5 38. Nc5 a5 39. Nd7 Kd6 40. Nf8 axb4 41. axb4 Nxb4 42. Nxh7 Ke5 43. Kg2 Nd5 44. Nf8 Kf5 45. Nd7 Ke4 46. Nc5+ Kf5 47. Kf2 Ke5 48. Ke2 1/2-1/2

[Event "Balears-ch Amateurs"]
[Site "Palma de Mallorca"]
[Date "2016.03.24"]
[Round "1"]
[White "Caliz Morales, Felipe"]
[Black "Rubert Cabrillana, Antonio"]
[Result "1-0"]
[WhiteElo "1781"]
[BlackElo "1348"]
[PlyCount "72"]
[EventDate "2016.03.24"]
[EventType "swiss"]
[EventRounds "6"]
[EventCountry "ESP"]
[SourceTitle "CBM 171 Extra"]
[Source "ChessBase"]
[SourceDate "2016.04.26"]
[SourceVersion "1"]
[SourceVersionDate "2016.04.26"]
[SourceQuality "1"]

1. e4 e5 2. Nf3 d6 3. d4 Bg4 4. dxe5 Bxf3 5. Qxf3 dxe5 6. Bc4 Nf6 7. Bg5 Nbd7 8. 0-0 Bd6 9. Nc3 h6 10. Be3 Bc5 11. Rad1 Bxe3 12. Qxe3 Qe7 13. Nb5 Nc5 14. f3 0-0 15. b4 Na4 16. Qb3 Nb6 17. Be2 a5 18. a3 a4 19. Qc3 c6 20. Nd6 Rfd8 21. Nf5 Qe6 22. Qe3 Rxd1 23. Rxd1 Nc4 24. Qc3 b5 25. Bxc4 bxc4 26. Rd6 Qe8 27. Qxc4 Rd8 28. Qxc6 Qxc6 29. Rxc6 Rd1+ 30. Kf2 Ra1 31. b5 Rxa3 32. b6 Ra2 33. b7 Nd7 34. Rc7 Rb2 35. Rxd7 Kh7 36. Rxf7 Rxc2+ 1-0

[Event "Palma de Mallorca op U2200"]
[Site "Palma de Mallorca"]
[Date "2013.01.16"]
[Round "5"]
[White "Rubert Cabrillana, Antonio"]
[Black "Carranza Pons, Ricardo Nelson"]
[Result "1-0"]
[WhiteElo "1297"]
[BlackElo "1741"]
[PlyCount "79"]
[EventDate "2013.01.12"]
[EventType "swiss"]
[EventRounds "9"]
[EventCountry "ESP"]
[SourceTitle "EXT 2014"]
[Source "ChessBase"]
[SourceDate "2013.11.20"]
[SourceVersion "1"]
[SourceVersionDate "2013.11.20"]
[SourceQuality "1"]

1. e4 Nf6 2. Nc3 d5 3. e5 Ne4 4. Nxe4 dxe4 5. d4 Bf5 6. g4 Bd7 7. Bh3 h5 8. gxh5 Bxh3 9. Nxh3 Qd7 10. Nf4 c5 11. d5 Qf5 12. e6 Na6 13. exf7+ Kxf7 14. a3 Rd8 15. c4 Kg8 16. Rg1 Nc7 17. h4 e5 18. Rg5 Qd7 19. Ng6 Rh7 20. Nxe5 Qh3 21. Qe2 Qxh4 22. Be3 Be7 23. Rg1 Qxh5 24. Ng4 Ne8 25. 0-0-0 Nf6 26. Bf4 Qf5 27. Nxf6+ Bxf6 28. Rg4 Rh4 29. Rxh4 Bxh4 30. Bc7 Rd7 31. d6 Bg5+ 32. Kb1 e3+ 33. Ka2 Qxf2 34. Qh5 Qf7 35. Qxg5 e2 36. Re1 Qxc4+ 37. Ka1 Qc2 38. Qd5+ Rf7 39. d7 Qd1+ 40. Rxd1 1-0

[Event "Palma de Mallorca op U2200"]
[Site "Palma de Mallorca"]
[Date "2013.01.14"]
[Round "3"]
[White "Abrines Sampol, Lorenzo"]
[Black "Rubert Cabrillana, Antonio"]
[Result "1-0"]
[WhiteElo "1701"]
[BlackElo "1297"]
[PlyCount "65"]
[EventDate "2013.01.12"]
[EventType "swiss"]
[EventRounds "9"]
[EventCountry "ESP"]
[SourceTitle "EXT 2014"]
[Source "ChessBase"]
[SourceDate "2013.11.20"]
[SourceVersion "1"]
[SourceVersionDate "2013.11.20"]
[SourceQuality "1"]

1. e4 e5 2. Nf3 Nf6 3. Nxe5 d6 4. Nf3 Nxe4 5. Be2 Be6 6. 0-0 c5 7. d3 Nf6 8. d4 c4 9. c3 d5 10. Re1 g6 11. Ng5 h5 12. Nxe6 fxe6 13. Bg5 Nbd7 14. Qc2 Rg8 15. Bf3 Qb6 16. Nd2 0-0-0 17. b3 Qc6 18. bxc4 Re8 19. Rab1 Be7 20. c5 Nh7 21. Bxe7 Rxe7 22. Nc4 b6 23. Ne3 Ndf6 24. cxb6 Ng5 25. Be2 axb6 26. Qb3 Rb7 27. Ba6 Nge4 28. Qxb6 Qxb6 29. Rxb6 Nd6 30. Rxd6 Kc7 31. Rxe6 Rb6 32. Rxb6 Kxb6 33. Bd3 1-0